Normal view
MARC view
Entry Personal Name
001 - CONTROL NUMBER
- control field: 6670
003 - CONTROL NUMBER IDENTIFIER
- control field: BD-RjUL
005 - DATE AND TIME OF LATEST TRANSACTION
- control field: 20230122171324.0
008 - FIXED-LENGTH DATA ELEMENTS
- fixed length control field: 230122|| aca||aabn | a|a d
040 ## - CATALOGING SOURCE
- Original cataloging agency: BD-RjUL
- Transcribing agency: BD-RjUL
100 ## - HEADING--PERSONAL NAME
- Personal name: Islam, Md. Asraful
670 ## - SOURCE DATA FOUND
- Source citation: Work cat.: (BD-RjUL)81113: Islam, Md. Asraful, Impact of Early Childbearing on the Health of the Mother and Child :, 2013